Personnages de Descendants en images - Statistiques

Statistiques générales
  • Ce quiz a été pris 1 480 fois
  • Le résultat moyen est 14 sur 20
Statistiques - réponses
Par images Réponse % Correct
Mal
100%
Evie
98%
Uma
96%
Ben
95%
Carlos d'Enfer
94%
Belle
85%
Hadès
85%
Jay
85%
Adam / La Bête
79%
Harry Crochet
76%
Red
76%
Audrey
75%
Ella / Cendrillon
62%
Doug
57%
Camarade
52%
Bridget / Reine de Coeur
51%
Merlin
41%
Chloe Charmant
40%
Gil
37%
Fay / Fée Marraine
17%
Aucun quiz correspondant
Distribution des résultats
% des personnes avec chaque résultat
Percentile par nombre de réponses
Votre historique - résultats
Vous n’avez pas pris ce quiz